Human capital and labor market flexibility
Identifikovanie problémov a súčasné trendy vo vývoji nových technológií, ktoré boli spojené so stratou mnohých pracovných miest. Vznik štrukturálnej nezamestnanosti a následný prenos pracovných síl medzi hospodárske odvetvia.
Na minha lista:
| Autor principal: | |
|---|---|
| Formato: | Capítulo de Livro |
| Idioma: | inglês |
| Assuntos: | |
| Tags: |
Sem tags, seja o primeiro a adicionar uma tag!
|
MARC
| LEADER | 00000naa$a2200000$$$4500 | ||
|---|---|---|---|
| 001 | 0222936 | ||
| 005 | 20240502083554.3 | ||
| 041 | 0 | |a eng | |
| 044 | |a BG | ||
| 245 | 1 | 0 | |a Human capital and labor market flexibility |c Marta Martincová |
| 520 | |a Identifikovanie problémov a súčasné trendy vo vývoji nových technológií, ktoré boli spojené so stratou mnohých pracovných miest. Vznik štrukturálnej nezamestnanosti a následný prenos pracovných síl medzi hospodárske odvetvia. | ||
| 610 | 2 | 0 | |a teórie ekonomické |
| 610 | 2 | 0 | |a nezamestnanosť štruktúrna |
| 610 | 2 | 0 | |a kapitál ľudský |
| 610 | 2 | 0 | |a sektory hospodárske |
| 610 | 2 | 0 | |a technológie nové |
| 610 | 2 | 0 | |a inovácia |
| 610 | 2 | 0 | |a flexibilita |
| 610 | 2 | 0 | |a trh práce |
| 100 | 1 | |a Martincová, Marta, 1955- | |